Statistiques concernant Les tissus

Cliquez ici pour prendre le quiz!

Statistiques générales

  • Ce quiz a été pris 92 fois
  • Le résultat moyen est 9 sur 20

Statistiques - réponses

OrigineIndiceTissu% Correct
Origine animaleFibre issue de nos moutonsLaine
99%
Origine végétaleLa plus utilisée au mondeCoton
92%
Origine animaleFibre provenant de la chenille du Bombyx moriSoie
89%
Origine végétaleImperméable et élastique, produit d'un arbre tropical, aujourd'hui industriel.Latex
71%
Origine végétaleFleur bleueLin
67%
Origine artificielle ou synthétiqueL'une des premières fibres synthétiques, très utilisée dans le vêtement : les fameux bas !Nylon
65%
Origine animaleChèvre issue d'une région montagneuse d'Inde et du PakistanCachemire
52%
Origine végétaleSurtout utilisée pour des tissus grossiers ou des cordes (ne pas fumer !)Chanvre
52%
Origine animaleIssue d'un lapin ou d'un chèvre à poils longsAngora
51%
Origine animaleFibre très chaude produite par une espèce proche du lamaAlpaga
49%
Origine artificielle ou synthétiqueFibre synthétique la plus utilisée, seule ou en mélange avec des fibres naturelles.Polyester
47%
Origine artificielle ou synthétiqueRéputée pour son élasticité, très utilisée pour les maillots de bain, collants, etc.Elasthane
41%
Origine végétaleIssue d'un arbuste, utilisée notamment pour fabriquer des sacsJute
41%
Origine animaleProvient d'une chèvreMohair
28%
Origine artificielle ou synthétiqueL'un des premiers textiles synthétiques, souple et brillant.Viscose
20%
Origine végétaleArbre africain, fibre pour cordages, tissu d'ameublement, rabanes.Raphia
16%
Origine artificielle ou synthétiqueTrès utilisée aussi, légère et résistante, sèche vite et ne se repasse pas !Acrylique
11%
Origine végétaleAgave mexicaine, très résistante, utilisée pour faire des ficelles et des tapisSisal
6%
Origine artificielle ou synthétiqueApparue dans les années 80 pour des vêtements de montagne ou professionnels, on la trouve désormais partout, jusque dans les sous-vêtements.Microfibre
4%
Origine animaleProduite par un coquillage méditerranéenByssus
1%

Distribution des résultats

Percentile par nombre de réponses

% des personnes avec chaque résultat

Votre développement - résultats

Vous n’avez pas pris ce quiz